World economic and social Survey 2001: Trends and policies in the world economy (Record no. 133495)

MARC details
000 -LEADER
fixed length control field 00405nam a2200145Ia 4500
008 - FIXED-LENGTH DATA ELEMENTS--GENERAL INFORMATION
fixed length control field 230917s9999||||xx |||||||||||||| ||und||
040 ## - CATALOGING SOURCE
-- 157880
Original cataloging agency VIVEKANANDA LIBRARY
041 ## - Language
-- English
082 ## - DDC NUMBER
Classification number 330.1 U1W
100 ## - MAIN ENTRY--PERSONAL NAME
Personal name United Nations
245 #0 - TITLE STATEMENT
Title World economic and social Survey 2001: Trends and policies in the world economy
260 ## - PUBLICATION, DISTRIBUTION, ETC. (IMPRINT)
Place of publication, distribution, etc New York
Name of publisher, distributor, etc United Nations
Date of publication, distribution, etc 2001
300 ## - PHYSICAL DESCRIPTION
Pages 283 p.
942 ## - ADDED ENTRY ELEMENTS (KOHA)
Koha item type Books
Holdings
Withdrawn status Lost status Damaged status Not for loan Location (home branch) Sublocation or collection (holding branch) Date acquired Koha issues (times borrowed) Koha full call number Accession No. Koha date last seen Koha item type
        VIVEKANANDA LIBRARY VIVEKANANDA LIBRARY 06/07/2010   330.1 U1W 232733 17/09/2023 Books
© Designed and Maintained by Vivekananda Library, MDU Rohtak